[Event "Mondiale Lampo FIDE 2022"]
[Site "Alma Ata"]
[Date "29.12.2022"]
[Round "12.82"]
[White "Degenbaev, Aziz"]
[Black "Elier, Ali"]
[Result "1-0"]
[WhiteElo "2139"]
[BlackElo "2165"]
[WhiteFideId "13802640"]
[BlackFideId "16217543"]
[EventDate "29.12.2022"]

1. g3 Nf6 2. f4 d5 3. Bg2 Nc6 4. Nf3 Bg4 5. O-O Qd7 6. Ne5 Nxe5 7. fxe5 Ne4 8.
d3 Nc5 9. Nc3 e6 10. d4 Na6 11. a3 c5 12. Be3 Be7 13. dxc5 Nxc5 14. b4 Na4 15.
Nxa4 Qxa4 16. Qd2 Rc8 17. c3 O-O 18. Bd4 a6 19. e4 Rfd8 20. Qf4 Bh5 21. exd5
exd5 22. Bh3 Rc6 23. Bf5 Rf8 24. Bd7 Bg6 25. Bxc6 Qxc6 26. Rae1 Qe6 27. Qe3 Be4
28. Qf4 Qg6 29. Rf2 Bg5 30. Qg4 h5 31. Qd1 h4 32. g4 Rd8 33. h3 Qh6 34. Qe2 Bf4
35. Ref1 g5 36. Be3 Bxe5 37. Rxf7 Qd6 38. Bxg5 Re8 39. Be3 Bxc3 40. Qf2 Bg7 41.
Rxg7+ Kxg7 42. Qf7+ Kh8 43. Qxe8+ Kh7 44. Rf7+ Kg6 45. Qg8# 1-0

[Event "Mondiale Lampo FIDE 2022"]
[Site "Alma Ata"]
[Date "29.12.2022"]
[Round "12.83"]
[White "Uruci, Endrit"]
[Black "Tologon tegin, Semetei"]
[Result "1-0"]
[WhiteTitle ""]
[BlackTitle ""]
[WhiteElo "2297"]
[BlackElo "2394"]
[WhiteFideId "22100199"]
[BlackFideId "13800574"]
[EventDate "29.12.2022"]

1. e4 e5 2. Nf3 Nc6 3. Bb5 a6 4. Bxc6 dxc6 5. d3 Bd6 6. Nbd2 Ne7 7. Nc4 Ng6 8.
O-O f6 9. d4 Qe7 10. dxe5 Bxe5 11. Ncxe5 Nxe5 12. Bf4 Ng6 13. Bg3 Bg4 14. h3 Bh5
15. Re1 O-O 16. Qd3 Bxf3 17. Qxf3 Kh8 18. Rad1 Rad8 19. c3 Rfe8 20. Qf5 Kg8 21.
f3 Qf7 22. b3 b6 23. h4 c5 24. c4 Qe7 25. h5 Nf8 26. Rd5 c6 27. Rxd8 Rxd8 28. e5
fxe5 29. Rxe5 Qd6 30. Kh2 Qd2 31. Re7 Qd4 32. h6 Rd7 33. Qf7+ 1-0

[Event "Mondiale Lampo FIDE 2022"]
[Site "Alma Ata"]
[Date "29.12.2022"]
[Round "12.84"]
[White "Khusenkhojaev, Mustafokhuja"]
[Black "Shishkov, Andrei"]
[Result "0-1"]
[BlackTitle ""]
[WhiteElo "2265"]
[BlackElo "2340"]
[WhiteFideId "14700727"]
[BlackFideId "4500563"]
[EventDate "29.12.2022"]

1. d4 d5 2. c4 Bf5 3. cxd5 Bxb1 4. Rxb1 Qxd5 5. b3 Nc6 6. e3 e5 7. Nf3 exd4 8.
Bc4 Qa5+ 9. Bd2 Bb4 10. exd4 O-O-O 11. d5 Re8+ 12. Kf1 Ne5 13. Nxe5 Bxd2 14.
Qg4+ Kb8 15. Nxf7 Nh6 16. Nxh6 Bxh6 17. b4 Qb6 18. h4 Rhf8 19. Rb2 Qf6 20. Qe2
Rxe2 21. Rxe2 Qa1+ 22. Re1 Qd4 0-1

[Event "Mondiale Lampo FIDE 2022"]
[Site "Alma Ata"]
[Date "29.12.2022"]
[Round "12.85"]
[White "Mamatov, Melis"]
[Black "Everett, Elijah"]
[Result "1-0"]
[WhiteTitle ""]
[WhiteElo "2399"]
[BlackElo "2202"]
[WhiteFideId "13800027"]
[BlackFideId "12973696"]
[EventDate "29.12.2022"]

1. e4 c5 2. Nf3 d6 3. d4 cxd4 4. Nxd4 Nf6 5. Nc3 a6 6. Be3 e5 7. Nf3 Qc7 8. a4
Be7 9. Be2 O-O 10. O-O b6 11. Bg5 Nbd7 12. Qd2 Bb7 13. Bd3 Nc5 14. Rfe1 Rfe8 15.
h3 Rad8 16. Rad1 h6 17. Bh4 d5 18. Bxf6 Bxf6 19. exd5 e4 20. Nxe4 Nxe4 21. Bxe4
Bxb2 22. d6 Qb8 23. Bxb7 Rxe1+ 24. Rxe1 Qxb7 25. Qb4 Bf6 26. Rb1 b5 27. axb5
Qxb5 28. Qxb5 axb5 29. Rxb5 Rxd6 30. Rc5 Rd1+ 31. Kh2 Rc1 32. Kg3 g5 33. Nd2 Be7
34. Rc6 Kg7 35. Kf3 Bf6 36. Ne4 Be5 37. Rc5 f6 38. Ng3 Kg6 39. Rc6 h5 40. Rc8 h4
41. Ne4 Kf5 42. Rc5 Re1 43. Nd6+ Ke6 44. Nc4 Bf4 45. Nb2 Bd6 46. Rc8 Kd7 47. Rc4
Rb1 48. Nd3 Ke6 49. Rc6 Kd7 50. Rc4 Ke6 51. Re4+ Kf7 52. Re2 Rb7 53. c4 Rc7 54.
Rc2 f5 55. c5 Be7 56. Ke3 Ke6 57. Kd4 Bf6+ 58. Kc4 Be7 59. Re2+ Kf6 60. Kd5 Rd7+
61. Kc4 Rc7 62. f3 Rc8 63. Ra2 Rc7 64. Ra6+ Kf7 65. Ne5+ Kg7 66. Rg6+ Kh7 67.
Rc6 Ra7 68. Kd5 Rb7 69. Rb6 Ra7 70. Nc6 Rc7 71. Nxe7 Rxe7 72. c6 1-0

[Event "Mondiale Lampo FIDE 2022"]
[Site "Alma Ata"]
[Date "29.12.2022"]
[Round "12.86"]
[White "Begmuratov, Khumoyun"]
[Black "Akhilbay, Imangali"]
[Result "1-0"]
[WhiteTitle ""]
[WhiteElo "2399"]
[BlackElo "2140"]
[WhiteFideId "14210207"]
[BlackFideId "13734857"]
[EventDate "29.12.2022"]

1. e4 c5 2. Nc3 Nc6 3. Bb5 Nd4 4. Nf3 e6 5. O-O a6 6. Bd3 Nc6 7. Be2 e5 8. d3
Nf6 9. Nd2 Be7 10. a4 Rb8 11. Nc4 d6 12. f4 exf4 13. Bxf4 O-O 14. Ne3 Nd4 15.
Ncd5 Be6 16. c3 Nxe2+ 17. Qxe2 b5 18. axb5 axb5 19. Ra7 Bxd5 20. exd5 Re8 21.
Qf3 Qb6 22. Rfa1 Rb7 23. R7a6 Qc7 24. Nf5 Rb6 25. Ra7 Rb7 26. Rxb7 Qxb7 27. Bxd6
Bf8 28. Bxf8 Rxf8 29. Re1 Rd8 30. Qg3 g6 31. Re7 Qxd5 32. Nh6+ Kg7 33. Nxf7 Rd7
34. Rxd7 Qxd7 35. Ne5 Qd5 36. h3 b4 37. cxb4 cxb4 38. Qe3 h6 39. Nc4 Qd7 40. d4
Qc6 41. Qe7+ Kg8 42. Qxb4 Nd5 43. Qb8+ Kg7 44. Qe5+ Kg8 45. b3 Qb5 46. Qe6+ Kg7
47. Ne5 1-0

[Event "Mondiale Lampo FIDE 2022"]
[Site "Alma Ata"]
[Date "29.12.2022"]
[Round "12.87"]
[White "Suleimen, Ergali"]
[Black "Amangeldy, Ernur"]
[Result "0-1"]
[WhiteElo "2073"]
[BlackElo "2097"]
[WhiteFideId "13724452"]
[BlackFideId "13720244"]
[EventDate "29.12.2022"]

1. e4 e5 2. Nf3 Nc6 3. d4 exd4 4. Nxd4 Nf6 5. Nxc6 bxc6 6. e5 Qe7 7. Qe2 Nd5 8.
c4 Ba6 9. Nd2 Nb6 10. b3 g6 11. Nf3 Bg7 12. Bg5 Qb4+ 13. Qd2 Qxd2+ 14. Kxd2 O-O
15. Re1 Rfe8 16. Bd3 c5 17. Be3 d6 18. exd6 cxd6 19. Bf4 d5 20. cxd5 Bxd3 21.
Kxd3 Nxd5 22. Bd2 Red8 23. Kc2 Nb4+ 24. Bxb4 cxb4 25. Rd1 Rac8+ 26. Kb1 Bf6 27.
Nd2 Bd4 28. f3 Kg7 29. Nc4 f5 30. Rhe1 Bf6 31. Kc2 Kf8 32. Re6 Rxd1 33. Kxd1
Rd8+ 34. Kc2 Kf7 35. Ra6 Rd7 36. Ra4 Bc3 37. a3 Re7 38. axb4 Bf6 39. Kd3 Rd7+
40. Ke2 Re7+ 41. Kf1 Bc3 42. b5 Kg7 43. Nd6 Rd7 44. Ra6 Be5 45. Nc8 Bb8 46. h4
Rc7 47. Rc6 Rb7 48. b6 axb6 49. Rxb6 Rxb6 50. Nxb6 Bg3 51. h5 gxh5 52. b4 Kf6
53. Ke2 Ke5 54. Nc4+ Kd4 55. Ne3 f4 56. Nf5+ Kc4 57. Nxg3 fxg3 58. Ke3 h4 59. f4
Kxb4 60. f5 Kc5 61. Kf4 h5 62. Ke5 h3 63. f6 hxg2 64. f7 g1=Q 65. f8=Q+ Kc4 66.
Qf7+ Kd3 67. Qb3+ Ke2 68. Qb2+ Kf3 69. Qb3+ Qe3+ 0-1

[Event "Mondiale Lampo FIDE 2022"]
[Site "Alma Ata"]
[Date "30.12.2022"]
[Round "13.4"]
[White "Matlakov, Maxim"]
[Black "Artemiev, Vladislav"]
[Result "0-1"]
[WhiteTitle ""]
[BlackTitle ""]
[WhiteElo "2662"]
[BlackElo "2701"]
[WhiteFideId "4168003"]
[BlackFideId "24101605"]
[EventDate "29.12.2022"]

1. d4 d5 2. c4 c6 3. Nf3 Nf6 4. e3 g6 5. Nc3 Bg7 6. Be2 O-O 7. O-O e6 8. b3 b6
9. Ba3 Re8 10. Ne5 Bb7 11. f4 Nbd7 12. Bf3 c5 13. Rc1 Bf8 14. Bb2 Rc8 15. Qe2
Qc7 16. cxd5 Nxd5 17. Nxd5 Bxd5 18. dxc5 bxc5 19. Rfd1 Nxe5 20. Bxe5 Qb7 21. Rc2
Bg7 22. Bxg7 Kxg7 0-1

[Event "Mondiale Lampo FIDE 2022"]
[Site "Alma Ata"]
[Date "30.12.2022"]
[Round "13.5"]
[White "Sadhwani, Raunak"]
[Black "Nepomniachtchi, Ian"]
[Result "0-1"]
[WhiteTitle ""]
[BlackTitle ""]
[WhiteElo "2627"]
[BlackElo "2793"]
[WhiteFideId "35093487"]
[BlackFideId "4168119"]
[EventDate "29.12.2022"]

1. d4 Nf6 2. c4 e6 3. Nc3 Bb4 4. g3 O-O 5. Bg2 d5 6. Nf3 dxc4 7. O-O Nc6 8. Re1
h6 9. a3 Bxc3 10. bxc3 Rb8 11. a4 b6 12. e4 Bb7 13. Ba3 Re8 14. Qc2 a6 15. Rab1
Ba8 16. h3 b5 17. g4 Nd7 18. axb5 axb5 19. h4 Ne7 20. g5 h5 21. Qe2 Ng6 22. Qe3
c5 23. dxc5 Qc7 24. Nd4 Bc6 25. Nxc6 Qxc6 26. f4 e5 27. f5 Nf4 28. Red1 Nd3 29.
Bf3 g6 30. Rd2 N7xc5 31. Bxc5 Nxc5 32. Rf1 Nd3 33. Be2 Nf4 34. Rfd1 Qb6 35. Qxb6
Rxb6 36. Kf2 gxf5 37. exf5 e4 38. Rd4 Ra6 39. Rd8 Kf8 40. Rxe8+ Kxe8 41. Ke3
Nxe2 42. Kxe2 Ra2+ 43. Ke3 Rc2 44. Kd4 e3 45. Ra1 e2 46. Ke3 Rxc3+ 47. Kxe2 b4
48. Ra8+ Ke7 49. Ra7+ Ke8 50. Ra8+ Kd7 51. Ra7+ Kc6 52. Rxf7 b3 53. Kd2 b2 54.
Kxc3 b1=Q 55. g6 Qd3+ 56. Kb2 Qb3+ 57. Kc1 c3 0-1

[Event "Mondiale Lampo FIDE 2022"]
[Site "Alma Ata"]
[Date "30.12.2022"]
[Round "13.6"]
[White "Fedoseev, Vladimir3"]
[Black "Moussard, Jules"]
[Result "1/2-1/2"]
[WhiteTitle ""]
[BlackTitle ""]
[WhiteElo "2688"]
[BlackElo "2684"]
[WhiteFideId "24130737"]
[BlackFideId "642908"]
[EventDate "29.12.2022"]

1. Nf3 Nf6 2. g3 e6 3. Bg2 d5 4. c4 Be7 5. O-O O-O 6. d3 b6 7. cxd5 Nxd5 8. a3
c5 9. d4 Bb7 10. dxc5 Bxc5 11. b4 Be7 12. Bb2 a5 13. b5 Bf6 14. Nd4 Nd7 15. Nd2
Nc5 16. Nc4 Rc8 17. Rc1 Ne7 18. Bxb7 Nxb7 19. e3 Rc5 20. Qe2 e5 21. Nf3 Rxb5 22.
Rfd1 Rd5 23. Rxd5 Qxd5 24. Nxb6 Qe6 25. Nc4 e4 26. Bxf6 Qxf6 27. Nd4 Nc5 28.
Nxa5 Nd3 29. Rc2 Ra8 30. Qg4 Ne5 31. Qxe4 Rxa5 32. f4 N5g6 33. h4 h5 34. Kh2
Rxa3 35. Nf3 Qf5 36. Qxf5 Nxf5 37. Rc8+ Nf8 38. Ne5 Nd6 39. Rd8 Nb7 40. Rc8 Nd6
41. Rd8 Nb7 42. Rc8 Nd6 43. Rd8 1/2-1/2

[Event "Mondiale Lampo FIDE 2022"]
[Site "Alma Ata"]
[Date "30.12.2022"]
[Round "13.7"]
[White "Duda, Jan-Krzysztof"]
[Black "Shimanov, Aleksandr"]
[Result "1-0"]
[WhiteTitle ""]
[BlackTitle ""]
[WhiteElo "2729"]
[BlackElo "2581"]
[WhiteFideId "1170546"]
[BlackFideId "4198603"]
[EventDate "29.12.2022"]

1. e4 c6 2. d4 d5 3. exd5 cxd5 4. Bd3 Nc6 5. c3 Nf6 6. Bf4 Bg4 7. Qb3 Qd7 8. Nd2
e6 9. Ngf3 Bxf3 10. Nxf3 Bd6 11. Bxd6 Qxd6 12. O-O O-O 13. Rae1 Qc7 14. Ne5 Nxe5
15. Rxe5 Rab8 16. g3 b5 17. a3 Qc6 18. h4 a5 19. Qd1 Qd6 20. Rfe1 Rfc8 21. Qf3
b4 22. cxb4 axb4 23. a4 b3 24. Bb5 Qb4 25. R5e2 Rc2 26. Qe3 Rbc8 27. Kg2 h6 28.
Ra1 Ng4 29. Qf4 Nf6 30. Qe3 Ng4 31. Qf4 Nf6 32. Rae1 Ne4 33. Qe3 Nf6 34. Kh3 Kf8
35. g4 Ne4 36. f3 Rxe2 37. Rxe2 Nd6 38. Bd3 Qxa4 39. Qf4 Qd7 40. Kg2 Nc4 41. g5
hxg5 42. hxg5 Kg8 43. Qh4 g6 44. Kg1 Kf8 45. Qh8+ Ke7 46. Qg7 Kd6 47. Rh2 Qe7
48. f4 Ra8 49. Bxc4 dxc4 50. Qe5+ Kd7 51. Qb5+ Kc7 52. Qxc4+ Kb7 53. Qxb3+ Ka7
54. Qa4+ Kb7 55. Qb5+ Ka7 56. Rh3 Rb8 57. Qa5+ Kb7 58. Rb3+ Kc8 59. Qa6+ 1-0

[Event "Mondiale Lampo FIDE 2022"]
[Site "Alma Ata"]
[Date "30.12.2022"]
[Round "13.8"]
[White "Andreikin, Dmitry"]
[Black "Lazavik, Denis"]
[Result "1-0"]
[WhiteTitle ""]
[BlackTitle ""]
[WhiteElo "2729"]
[BlackElo "2537"]
[WhiteFideId "4158814"]
[BlackFideId "13515110"]
[EventDate "29.12.2022"]

1. Nf3 d5 2. g3 Nf6 3. Bg2 e6 4. O-O Be7 5. d3 O-O 6. a4 Nc6 7. Nbd2 e5 8. e4
dxe4 9. dxe4 a5 10. c3 Be6 11. Qe2 Nd7 12. Nc4 f6 13. Ne3 Qe8 14. Nd5 Bd6 15.
Nh4 Bxd5 16. exd5 Ne7 17. f4 exf4 18. Bxf4 Ne5 19. Kh1 Kh8 20. Be4 Qf7 21. Qg2
N5g6 22. Nxg6+ Nxg6 23. Rae1 Nxf4 24. gxf4 f5 25. Bd3 Rae8 26. Qf3 g6 27. Bb5
Re7 28. Bc4 Rfe8 29. Re6 Qg7 30. Qe3 Rxe6 31. dxe6 b6 32. Bb5 Re7 33. Bd7 Qf6
34. Qd4 Kg7 35. Kg2 Qxd4 36. cxd4 Kf6 37. h4 h6 38. Kf3 Rg7 39. Rh1 g5 40. hxg5+
hxg5 41. Rh6+ Rg6 42. fxg5+ Kxg5 43. Rh7 Rh6 44. e7 Bxe7 45. Rxe7 Rh3+ 46. Kg2
Rb3 47. Bb5 Rxb2+ 48. Kf3 Rb3+ 49. Ke2 Rb4 50. Ke3 Rb3+ 51. Kd2 Rb4 52. Kc3 c5
53. d5 Rd4 54. Bc4 f4 55. Re2 Kf5 56. Rd2 Ke5 57. Rxd4 cxd4+ 58. Kd3 f3 59. Kd2
Kd6 60. Ke1 Kc5 61. Kf2 d3 62. Bxd3 Kxd5 63. Kxf3 Kc5 64. Bb5 Kd5 1-0

[Event "Mondiale Lampo FIDE 2022"]
[Site "Alma Ata"]
[Date "30.12.2022"]
[Round "13.9"]
[White "Mamedyarov, Shakhriyar"]
[Black "Madaminov, Mukhiddin"]
[Result "0-1"]
[WhiteTitle ""]
[BlackTitle ""]
[WhiteElo "2740"]
[BlackElo "2438"]
[WhiteFideId "13401319"]
[BlackFideId "14210703"]
[EventDate "29.12.2022"]

1. d4 Nf6 2. Bg5 d5 3. Bxf6 exf6 4. e3 Be6 5. Nd2 c6 6. Bd3 Nd7 7. Ne2 f5 8. O-O
Bd6 9. c4 Nf6 10. Qb3 Rb8 11. Rac1 O-O 12. h3 Ne4 13. Rfd1 Re8 14. Nf3 g6 15.
cxd5 Bxd5 16. Bc4 Bxc4 17. Qxc4 Qe7 18. Nc3 Kg7 19. d5 c5 20. Nb5 a6 21. Nxd6
Qxd6 22. Nd2 Rbc8 23. a4 Nxd2 24. Rxd2 Re4 25. Qb3 b6 26. Rc4 Rce8 27. Qd3 a5
28. b3 h5 29. h4 Rg4 30. g3 Ree4 31. Rxe4 Rxe4 32. Kg2 Rb4 33. Qc3+ Kg8 34. f3
Kh7 35. Rd3 Kg8 36. Rd2 Kh7 37. Qd3 Kg7 38. Rc2 Kf6 39. Rc4 Ke7 40. Rxb4 axb4
41. f4 Qf6 42. Kf3 Kd6 43. Qa6 Kxd5 44. a5 Qc6 45. axb6 Kd6+ 46. Kf2 Qh1 47. b7+
Kc7 48. b8=Q+ Kxb8 49. Qb6+ Ka8 50. Qa6+ Kb8 51. Qb5+ Qb7 52. Qxc5 Ka8 53. Qf8+
Ka7 54. Qc5+ Ka6 55. Qd6+ Kb5 56. Qd3+ Ka5 57. Qc4 Qe7 58. Qc6 Qe4 59. Qc7+ Kb5
60. Qd7+ Kc5 61. Qc7+ Kb5 62. Qc8 Qd5 63. Qc2 Kb6 0-1

[Event "Mondiale Lampo FIDE 2022"]
[Site "Alma Ata"]
[Date "30.12.2022"]
[Round "13.11"]
[White "Harikrishna, Pentala"]
[Black "Anton Guijarro, David"]
[Result "1/2-1/2"]
[WhiteTitle ""]
[BlackTitle ""]
[WhiteElo "2705"]
[BlackElo "2675"]
[WhiteFideId "5007003"]
[BlackFideId "2285525"]
[EventDate "29.12.2022"]

1. Nf3 d5 2. g3 c5 3. Bg2 Nf6 4. O-O e6 5. d4 cxd4 6. Nxd4 e5 7. Nf3 e4 8. Nd4
Be7 9. c4 dxc4 10. Nb5 O-O 11. Qxd8 Bxd8 12. Nd6 Nc6 13. Nc3 Bc7 14. Nxc8 Raxc8
15. Nxe4 Nxe4 16. Bxe4 Be5 17. Rb1 Rfe8 18. Be3 a6 19. Rfd1 Bf6 20. Bf5 Rcd8 21.
Bd7 Re5 22. Bxc6 Rxd1+ 23. Rxd1 bxc6 24. Rc1 Re4 25. Rc2 g5 26. Kf1 Kg7 27. Bd2
Kg6 28. Bc3 Bxc3 29. Rxc3 g4 30. Ra3 Rd4 31. Ke1 Kf5 32. Rxa6 Rd6 33. Ra5+ Ke4
34. Ra4 Kd5 35. Kd2 Rh6 36. Ra7 f5 37. Rf7 Ke6 38. Rc7 Kd6 39. Rf7 Ke6 40. Rc7
Kd6 41. Rf7 Ke5 1/2-1/2

[Event "Mondiale Lampo FIDE 2022"]
[Site "Alma Ata"]
[Date "30.12.2022"]
[Round "13.12"]
[White "Caruana, Fabiano"]
[Black "Yoo, Christopher Woojin"]
[Result "1-0"]
[WhiteTitle ""]
[BlackTitle ""]
[WhiteElo "2766"]
[BlackElo "2575"]
[WhiteFideId "2020009"]
[BlackFideId "30909694"]
[EventDate "29.12.2022"]

1. d4 Nf6 2. Nf3 d5 3. c4 e6 4. Nc3 c6 5. e3 Nbd7 6. Qc2 b6 7. Bd3 Bb7 8. O-O
dxc4 9. Bxc4 c5 10. Rd1 Bxf3 11. gxf3 cxd4 12. exd4 Bd6 13. d5 e5 14. Bg5 O-O
15. Bb5 h6 16. Bh4 Rc8 17. Qf5 g5 18. Bg3 Nc5 19. Rac1 a6 20. Bc6 b5 21. Bxe5
Bxe5 22. Qxe5 Nh5 23. Ne2 Nd7 24. Qd6 Ndf6 25. Qxd8 Rfxd8 26. d6 Ng7 27. Ng3 Ne6
28. Nf5 Kh7 29. a4 bxa4 30. Bxa4 Rb8 31. b3 Rb7 32. Kf1 Nd7 33. Ne7 Ndc5 34. Nc6
Rf8 35. Ne5 Nxb3 36. Rc3 Nbd4 37. d7 Rb4 38. Rc8 Rd8 39. Nxf7 Rxa4 40. Nxd8 Nf4
41. Nc6 Nxf3 42. d8=Q Nxh2+ 1-0

[Event "Mondiale Lampo FIDE 2022"]
[Site "Alma Ata"]
[Date "30.12.2022"]
[Round "13.13"]
[White "Yu, Yangyi"]
[Black "Murzin, Volodar"]
[Result "1-0"]
[WhiteTitle ""]
[BlackTitle ""]
[WhiteElo "2728"]
[BlackElo "2561"]
[WhiteFideId "8603820"]
[BlackFideId "44155573"]
[EventDate "29.12.2022"]

1. c4 c6 2. Nf3 Nf6 3. g3 d5 4. Bg2 Bg4 5. Ne5 Be6 6. d4 Nbd7 7. Nf3 Bg4 8. cxd5
cxd5 9. Ne5 Bf5 10. Nc3 e6 11. O-O Be7 12. Qb3 Qb6 13. Qxb6 Nxb6 14. a4 a6 15.
Bf4 O-O 16. a5 Nbd7 17. Nxd7 Nxd7 18. e4 dxe4 19. Nxe4 Ra7 20. Nd6 Bd3 21. Rfc1
g5 22. Nc8 gxf4 23. Nxa7 Bf6 24. Rc7 Rd8 25. Rxb7 Nf8 26. Nc6 Rd6 27. Rb6 Bb5
28. Na7 Rxd4 29. Nxb5 axb5 30. a6 Nd7 31. Rxb5 Rd2 1-0

[Event "Mondiale Lampo FIDE 2022"]
[Site "Alma Ata"]
[Date "30.12.2022"]
[Round "13.15"]
[White "Mamedov, Rauf"]
[Black "Jobava, Baadur"]
[Result "1/2-1/2"]
[WhiteTitle ""]
[BlackTitle ""]
[WhiteElo "2646"]
[BlackElo "2578"]
[WhiteFideId "13401653"]
[BlackFideId "13601520"]
[EventDate "29.12.2022"]

1. e4 e6 2. d4 d5 3. exd5 exd5 4. Nf3 Nf6 5. Bd3 Bd6 6. Qe2+ Qe7 7. Qxe7+ Kxe7
8. c3 Re8 9. O-O Kf8 10. Re1 Rxe1+ 11. Nxe1 c6 12. Nf3 Nbd7 13. Nbd2 h6 14. h3
a5 1/2-1/2

[Event "Mondiale Lampo FIDE 2022"]
[Site "Alma Ata"]
[Date "30.12.2022"]
[Round "13.16"]
[White "Quparadze, Giga"]
[Black "Asadli, Vugar"]
[Result "1/2-1/2"]
[WhiteTitle ""]
[BlackTitle ""]
[WhiteElo "2470"]
[BlackElo "2567"]
[WhiteFideId "13602250"]
[BlackFideId "13405764"]
[EventDate "29.12.2022"]

1. e4 g6 2. d4 Bg7 3. Nc3 a6 4. a4 d6 5. Nf3 Nf6 6. h3 O-O 7. Be3 Nc6 8. Be2 e6
9. O-O b6 10. Bg5 h6 11. Bh4 Bb7 12. Re1 g5 13. Bg3 Ne7 14. Bd3 Nh5 15. Bh2 Nf4
16. Bxf4 gxf4 17. e5 dxe5 18. dxe5 Ng6 19. Bxg6 fxg6 20. Qe2 Qe7 21. Rad1 Rad8
22. Ne4 Rxd1 23. Rxd1 Rd8 24. Rd3 g5 25. Nf6+ Kf7 26. Ne4 a5 27. Qd2 Rxd3 28.
Qxd3 Bc6 29. b3 Qd7 30. Qe2 Qd5 31. Ned2 Bf8 32. Qa6 Be7 33. Qc8 Qd8 34. Qa6 h5
35. Qe2 Qd5 36. Ne1 Kg6 37. c4 Qd4 38. Nef3 Qc3 39. Nf1 Bxf3 40. gxf3 Qd4 41.
Nd2 Bb4 42. Ne4 Be7 43. Kg2 Qxe5 44. Qd3 Qf5 45. Qd7 Bc5 46. Qd8 Bf8 47. Qe8+
Kg7 48. Qd7+ Kg6 49. Qe8+ Qf7 50. Qd8 Qf5 51. Qe8+ Qf7 52. Qd8 Qf5 53. Qe8+ Qf7
54. Qc6 Qf5 55. Qe8+ Qf7 56. Qc6 Qf5 57. Qe8+ Qf7 58. Qc8 Qf5 59. Qe8+ 1/2-1/2

[Event "Mondiale Lampo FIDE 2022"]
[Site "Alma Ata"]
[Date "30.12.2022"]
[Round "13.17"]
[White "Shankland, Sam"]
[Black "Dardha, Daniel"]
[Result "0-1"]
[WhiteTitle ""]
[BlackTitle ""]
[WhiteElo "2710"]
[BlackElo "2606"]
[WhiteFideId "2004887"]
[BlackFideId "240990"]
[EventDate "29.12.2022"]

1. e4 e5 2. Nf3 Nc6 3. d4 exd4 4. Nxd4 Nf6 5. Nxc6 bxc6 6. Bd3 d5 7. exd5 cxd5
8. O-O Be7 9. c4 O-O 10. Nc3 Bb7 11. Qf3 Rb8 12. Nxd5 Nxd5 13. Be4 c6 14. cxd5
cxd5 15. Bd3 Bf6 16. Bf4 Rc8 17. Rab1 Qb6 18. Rfe1 g6 19. Qg3 Rfe8 20. b3 Qa5
21. Rxe8+ Rxe8 22. h4 Qxa2 23. h5 Bg7 24. b4 d4 25. Rc1 Qd5 26. h6 Bf8 27. b5
Qh5 28. f3 Bxh6 29. Rc7 Bd5 30. Rxa7 Re3 31. Bxe3 Bxe3+ 32. Kf1 Qh1+ 33. Ke2 Bb3
34. Qb8+ Kg7 35. Qe5+ Kh6 0-1

[Event "Mondiale Lampo FIDE 2022"]
[Site "Alma Ata"]
[Date "30.12.2022"]
[Round "13.19"]
[White "Tsydypov, Zhamsaran"]
[Black "Le, Tuan Minh"]
[Result "1/2-1/2"]
[WhiteTitle ""]
[BlackTitle ""]
[WhiteElo "2534"]
[BlackElo "2542"]
[WhiteFideId "4108566"]
[BlackFideId "12401153"]
[EventDate "29.12.2022"]

1. d4 d5 2. Nc3 Nf6 3. Bf4 Bf5 4. e3 e6 5. Nf3 Bd6 6. Ne5 a6 7. Be2 h6 8. g4 Bh7
9. h4 Nfd7 10. Nd3 Nc6 11. Bxd6 cxd6 12. Rb1 Rc8 13. f3 Na5 14. Kf2 Nc4 15. Qe1
Qc7 16. Nd1 Qb6 17. Rc1 Ke7 18. b3 Na5 19. c3 Nc6 20. Qd2 g5 21. c4 Nf6 22. c5
Qc7 23. N1b2 Rcg8 24. Nb4 h5 25. Nxc6+ bxc6 26. hxg5 Rxg5 27. Qb4 hxg4 28. fxg4
Rb8 29. cxd6+ Qxd6 30. Qxd6+ Kxd6 31. Rh6 Bg6 32. Na4 Rxg4 33. Nc5 Rg5 34. Bf3
Rf5 35. Ke2 a5 36. Rh4 Bh5 37. Bxh5 Nxh5 38. Rg1 Nf6 39. Rg7 Nd7 40. Na4 c5 41.
Rhh7 cxd4 42. exd4 Ke7 43. Rg3 Nf6 44. Rhh3 Ne4 45. Rf3 Rg5 46. Rh7 Nf6 47. Rh2
Rbg8 48. Rhf2 Ne4 49. Rxf7+ Ke8 50. R2f3 Rg2+ 51. Ke3 R2g3 52. Rf4 Rxf3+ 53.
Rxf3 Rg2 54. Nc5 Nxc5 55. dxc5 Kd7 56. a3 Kc6 57. b4 axb4 58. axb4 Rg4 59. Rf6
Re4+ 60. Kd3 Kb5 61. Rg6 Kxb4 62. c6 Kb5 63. c7 Rc4 64. Rxe6 1/2-1/2

[Event "Mondiale Lampo FIDE 2022"]
[Site "Alma Ata"]
[Date "30.12.2022"]
[Round "13.20"]
[White "Vakhidov, Jakhongir"]
[Black "Grischuk, Alexander"]
[Result "0-1"]
[WhiteTitle ""]
[BlackTitle ""]
[WhiteElo "2607"]
[BlackElo "2745"]
[WhiteFideId "14201801"]
[BlackFideId "4126025"]
[EventDate "29.12.2022"]

1. c4 b6 2. Nc3 Bb7 3. d4 e6 4. e4 Bb4 5. f3 Ne7 6. Ne2 f5 7. a3 Bxc3+ 8. Nxc3
fxe4 9. fxe4 O-O 10. Bg5 h6 11. Bh4 Qe8 12. Bg3 d5 13. Qg4 dxe4 14. Qxe6+ Qf7
15. Qxf7+ Rxf7 16. d5 Nf5 17. Be2 Nxg3 18. hxg3 Nd7 19. Rh4 e3 20. O-O-O Nf6 21.
Rf4 Re8 22. Re1 Re5 23. Bf3 g5 24. Rd4 Kg7 25. Ne4 g4 26. Nxf6 gxf3 27. Ng4 f2
28. Rh1 0-1

[Event "Mondiale Lampo FIDE 2022"]
[Site "Alma Ata"]
[Date "30.12.2022"]
[Round "13.21"]
[White "Aravindh, Chithambaram VR."]
[Black "Sarana, Alexey"]
[Result "0-1"]
[WhiteTitle ""]
[BlackTitle ""]
[WhiteElo "2607"]
[BlackElo "2668"]
[WhiteFideId "5072786"]
[BlackFideId "24133795"]
[EventDate "29.12.2022"]

1. b3 d5 2. Bb2 c5 3. Nf3 Nc6 4. e3 a6 5. d4 cxd4 6. exd4 Bf5 7. Bd3 Bxd3 8.
Qxd3 Nf6 9. O-O g6 10. Ne5 Bg7 11. Nxc6 bxc6 12. Nd2 O-O 13. Rfe1 Re8 14. h3 e6
15. c4 a5 16. Rac1 Qb6 17. a4 Rab8 18. cxd5 cxd5 19. Rc5 Bf8 20. Rb5 Qa6 21. Rc1
Rxb5 22. axb5 Qb7 23. Nf3 Rb8 24. Ne5 Qxb5 25. Qf3 Bg7 26. Ba3 Qb7 27. Bd6 Rd8
28. Rc7 Qb6 29. Rxf7 Qxd6 30. Rxf6 Bxf6 31. Qxf6 Rf8 32. Qg5 Qb4 33. Qe3 Qd6 34.
Qc3 Qd8 35. Ng4 Qg5 36. Qe1 Re8 37. g3 h5 38. Ne5 Qf5 39. Kg2 Qe4+ 40. Qxe4 dxe4
41. Nc6 Ra8 42. Kf1 Ra6 43. Ne5 Rb6 44. Nc4 Rxb3 45. Nxa5 Rc3 46. Nb7 e3 47. Nd8
exf2 48. Kxf2 Rc2+ 49. Kf3 Rc3+ 50. Kf2 Rc2+ 51. Kf3 Kg7 52. Nxe6+ Kf6 53. Nf4
Rc3+ 54. Kf2 Kf5 55. Nd5 Ra3 56. Ne7+ Kf6 57. Nd5+ Ke6 58. Ne3 Rd3 59. d5+ Ke5
60. Ng2 Rxd5 61. Nf4 Rd6 62. Kf3 Ra6 63. h4 Kf5 64. Kf2 Ra2+ 65. Kf3 Ra3+ 66.
Kf2 Rb3 67. Nd5 Kg4 68. Nf6+ Kh3 69. Ne4 Rb4 70. Ng5+ Kg4 71. Nf7 Rb2+ 72. Ke3
Kxg3 73. Ne5 Rb6 0-1